UBT Library

Noncardiac Surgery in the Cardiac Patient (Record no. 58036)

000 -LEADER
fixed length control field 00344nam a22001457a 4500
008 - FIXED-LENGTH DATA ELEMENTS--GENERAL INFORMATION
fixed length control field 210607b ||||| |||| 00| 0 eng d
020 ## - INTERNATIONAL STANDARD BOOK NUMBER
International Standard Book Number 0879931833
041 ## - LANGUAGE CODE
Language code of text/sound track or separate title eng
080 ## - UNIVERSAL DECIMAL CLASSIFICATION NUMBER
Universal Decimal Classification number 616.12
082 ## - DEWEY DECIMAL CLASSIFICATION NUMBER
Classification number 616.12
100 ## - Rafti
Rafti 7
101 ## - Shkurtesa
Shkurtesa KARDIO
245 ## - TITLE STATEMENT
Title Noncardiac Surgery in the Cardiac Patient
Statement of responsibility, etc Stephen P. Glasser
942 ## - ADDED ENTRY ELEMENTS (KOHA)
Source of classification or shelving scheme
Item type Books
Holdings
Withdrawn status Lost status Source of classification or shelving scheme Damaged status Not for loan Collection code Permanent location Current location Shelving location Date acquired Total Checkouts Full call number Barcode Date last seen Price effective from Koha item type
          Koleksioni i përgjithshem UBT - Lipjan UBT - Lipjan Koleksioni i përgjithshem 06/07/2021   616.12 GLA 002-7003746 06/07/2021 06/07/2021 Books
UBT Library © 2015-2024. All rights reserved University Education for Business and Technology